Inovácie a inštitúcie v koncepte path dependency

Autor na príklade dvoch neortodoxných prúdov - Neoevolučnej ekonómie a Rakúskej školy poukazuje na možnosti prekonania zlyhaní ekonomickej teórie v jej strednoprúdovej podobe. Myšlienky týchto prúdov by mohli nielen úspešne doplniť stredný prúd, ale aj napomáhať vytváraniu konkurenčného prostredia v...

Descrizione completa

Salvato in:
Dettagli Bibliografici
Autore principale: Bačišin, Vladimír
Natura: Capitolo di libro
Lingua:slovacco
Soggetti:
Tags: Aggiungi Tag
Nessun Tag, puoi essere il primo ad aggiungerne!!

MARC

LEADER 00000naa$a2200000$$$4500
001 0044921
005 20221207085624.7
041 0 |a slo 
044 |a SK 
245 1 0 |a Inovácie a inštitúcie v koncepte path dependency  |c Vladimír Bačišin 
520 |a Autor na príklade dvoch neortodoxných prúdov - Neoevolučnej ekonómie a Rakúskej školy poukazuje na možnosti prekonania zlyhaní ekonomickej teórie v jej strednoprúdovej podobe. Myšlienky týchto prúdov by mohli nielen úspešne doplniť stredný prúd, ale aj napomáhať vytváraniu konkurenčného prostredia v ekonomickej vede. To sa môže stať impulzom pre formovanie nových realistických teórií a určite napomáhať prekonávaniu zlyhaní ortodoxného mainstreamu. 
610 2 0 |a veda ekonomická 
610 2 0 |a teórie ekonomické 
610 2 0 |a Rakúska škola 
100 1 |a Bačišin, Vladimír